Pražské autobusové linky: 190 - Statistics

General Stats
  • This quiz has been taken 3 times
  • The average score is 11 of 15
Answer Stats
Answer % Correct
Černý kůň
100%
Družná
100%
Lihovar
100%
Na Beránku
100%
Nádraží Braník
100%
Pobřežní cesta
100%
Poliklinika Modřany
100%
Smíchovské nádraží
100%
Písková
50%
Platónova
50%
Tylova čtvrť
50%
U Belárie
50%
Zátišská
50%
Pavelkova
0%
Petržílova
0%
No matching quizzes found
Score Distribution
Percent of People with Each Score
Percentile by Number Answered
Your Score History
You have not taken this quiz